Score 0/12 Timer 01:00
0 Plays Today
% Correct
Nickelodeon
93.7%
HBO
88.3%
VH1
81.6%
ABC
76.8%
CBS
76.3%
History Channel
74.7%
Discovery Channel
71.7%
AMC
65.6%
Spike TV
63.6%
FOX
63.6%
MSNBC
63.5%
A&E
50%

Today's Daily Dose

Come Together.
Have Fun.
All Virtual.
We all need to come together. Play Sporcle's virtual live trivia to have fun, connect with people, and get your trivia on. Join a live hosted trivia game for your favorite pub trivia experience done virtually. If a virtual private party is more your thing, go here for details.

You're not logged in!

Compare scores with friends on all Sporcle quizzes.
OR
Log In

Sporcle TV

Today on Sporcle TV


Watch our educational content, quiz creation guides, and fun videos on Sporcle TV.

Show Comments

Extras

Top Quizzes Today


Score Distribution

Paid Content

Your Account Isn't Verified!

In order to create a playlist on Sporcle, you need to verify the email address you used during registration. Go to your Sporcle Settings to finish the process.

Report this User

Report this user for behavior that violates our Community Guidelines.

Details: